|
|
|
|
| LEADER |
01120nam a2200277 a 4500 |
| 001 |
13865402 |
| 008 |
100720s2006 caua b 000 0 eng d |
| 010 |
|
|
|a 2005003581
|
| 020 |
|
|
|a 1412909767 (pbk.)
|
| 040 |
|
|
|a DLC
|c DLC
|d DLC
|d DB-DhAAL
|
| 082 |
0 |
0 |
|a 658.1/1
|2 22
|
| 245 |
0 |
0 |
|a Cases in entrepreneurship :
|b the venture creation process /
|c [edited by] Eric A. Morse, Ronald K. Mitchell.
|
| 260 |
|
|
|a Thousand Oaks, Calif. :
|b SAGE Publications,
|c c2006.
|
| 300 |
|
|
|a xvi, 427 p. :
|b ill. ;
|c 24 cm.
|
| 490 |
0 |
|
|a The Ivey casebook series
|
| 504 |
|
|
|a Includes bibliographical references (p. 423-425).
|
| 541 |
1 |
|
|e 00014543
|
| 650 |
|
0 |
|a New business enterprises
|v Case studies.
|
| 650 |
|
0 |
|a Business incubators
|v Case studies.
|
| 650 |
|
0 |
|a Venture capital
|v Case studies.
|
| 650 |
|
0 |
|a Entrepreneurship
|v Case studies.
|
| 700 |
1 |
|
|a Morse, Eric A.
|
| 700 |
1 |
|
|a Mitchell, Ronald K.
|
| 852 |
4 |
|
|a Ayesha Abed Library
|j General Shelf.
|
| 999 |
|
|
|c 9278
|d 9278
|
| 952 |
|
|
|0 0
|1 0
|2 ddc
|4 0
|6 658_110000000000000_CAS
|7 0
|9 14589
|a BRACUL
|b BRACUL
|c GEN
|d 2011-03-10
|l 3
|m 5
|o 658.11 CAS
|p 3010014543
|r 2016-03-02
|s 2016-01-11
|t 1
|w 2011-03-10
|y BK
|